000
00221nam a22000857a 4500
008
170621b xxu||||| |||| 00| 0 eng d
100
_9
3593
_a
Bansal. S. K
245
_a
Dictionary of it terms
260
_a
New Delhi
_b
A. P. H
_c
2004
999
_c
6979
_d
6979